[Event "Mazowiec-chT op 1819"]
[Site "Warsaw"]
[Date "2019.01.13"]
[Round "6.9"]
[White "Markiewicz, Michal"]
[Black "Duch, Mariusz"]
[Result "0-1"]
[WhiteElo "1902"]
[BlackElo "2218"]
[PlyCount "90"]
[EventDate "2018.12.02"]
[EventType "team-swiss"]
[EventRounds "10"]
[EventCountry "POL"]
[SourceTitle "EXT 2020"]
[Source "ChessBase"]
[SourceDate "2019.10.17"]
[SourceVersion "1"]
[SourceVersionDate "2019.10.17"]
[SourceQuality "1"]

1. Nf3 g6 2. g3 Bg7 3. Bg2 c5 4. d3 Nc6 5. e4 Nf6 6. 0-0 0-0 7. Nbd2 d6 8. c3 Rb8 9. Re1 Nd7 10. Nf1 b5 11. d4 b4 12. Be3 bxc3 13. bxc3 Qa5 14. Qc2 Ba6 15. N1d2 Rfc8 16. Nb3 Qa4 17. Qd2 cxd4 18. Nfxd4 Nce5 19. f4 Nc4 20. Qf2 Nxe3 21. Qxe3 Rc7 22. Bh3 e5 23. fxe5 Nxe5 24. Red1 Re8 25. Bf1 Rce7 26. Qf4 Bxf1 27. Rxf1 Qc4 28. Rad1 a6 29. Nf3 Nxf3+ 30. Rxf3 Rxe4 31. Qxd6 Bxc3 32. Rdf1 f5 33. Rf4 a5 34. Nd2 Qd4+ 35. Qxd4 Bxd4+ 36. Kh1 Rxf4 37. gxf4 Re2 38. Nb3 Bb6 39. Rc1 Rxa2 40. Rc8+ Kg7 41. Rb8 Be3 42. Rb5 Bxf4 43. Nd4 Bxh2 44. Nxf5+ gxf5 45. Rb7+ Bc7 0-1

[Event "Mazowiec-chT op 1819"]
[Site "Warsaw"]
[Date "2019.01.13"]
[Round "5.1"]
[White "Markiewicz, Michal"]
[Black "Olszewski, Pawel1111"]
[Result "1-0"]
[WhiteElo "1902"]
[BlackElo "1497"]
[PlyCount "115"]
[EventDate "2018.12.02"]
[EventType "team-swiss"]
[EventRounds "10"]
[EventCountry "POL"]
[SourceTitle "EXT 2020"]
[Source "ChessBase"]
[SourceDate "2019.10.17"]
[SourceVersion "1"]
[SourceVersionDate "2019.10.17"]
[SourceQuality "1"]

1. e4 c5 2. Nf3 e6 3. d3 d5 4. Nbd2 Nf6 5. g3 Be7 6. Bg2 0-0 7. 0-0 Nc6 8. Re1 b5 9. e5 Nd7 10. Nf1 Bb7 11. h4 Qc7 12. Bf4 Rfd8 13. N1h2 d4 14. Qe2 Nb6 15. Ng5 Na4 16. Qh5 Bxg5 17. Bxg5 Ne7 18. Be4 Bxe4 19. Rxe4 Nd5 20. Bxd8 Rxd8 21. Qg5 a6 22. Ng4 Qe7 23. Nf6+ Nxf6 24. Rg4 g6 25. exf6 Qf8 26. Rb1 Rd5 27. Qd2 Qd8 28. Rf4 c4 29. dxc4 bxc4 30. Qb4 Nb6 31. Rd1 a5 32. Qe7 d3 33. cxd3 cxd3 34. Re4 Rd7 35. Qxd8+ Rxd8 36. Re3 h5 37. Rexd3 Nd5 38. Rc1 Rb8 39. Rb3 Rxb3 40. axb3 Nxf6 41. Rc5 Kf8 42. Rxa5 Nd5 43. Ra7 f6 44. Kg2 g5 45. Kf3 gxh4 46. gxh4 f5 47. Rb7 e5 48. Ke2 Nf4+ 49. Kd2 Ng2 50. Rh7 Nxh4 51. Rxh5 Nf3+ 52. Kc3 Nd4 53. Rh7 Nc6 54. b4 e4 55. b5 Ne7 56. Kd4 Ke8 57. Rxe7+ Kxe7 58. Ke5 1-0

[Event "Mazowiec-chT op 1819"]
[Site "Warsaw"]
[Date "2018.12.09"]
[Round "3.5"]
[White "Markiewicz, Michal"]
[Black "Choroszej, Aleksander"]
[Result "0-1"]
[WhiteElo "1902"]
[BlackElo "2087"]
[PlyCount "106"]
[EventDate "2018.12.02"]
[EventType "team-swiss"]
[EventRounds "10"]
[EventCountry "POL"]
[SourceTitle "EXT 2020"]
[Source "ChessBase"]
[SourceDate "2019.10.17"]
[SourceVersion "1"]
[SourceVersionDate "2019.10.17"]
[SourceQuality "1"]

1. d4 g6 2. c4 Bg7 3. Nc3 d6 4. g3 Nf6 5. Bg2 0-0 6. Nf3 Nc6 7. 0-0 a6 8. Qd3 e5 9. dxe5 dxe5 10. Qxd8 Rxd8 11. Bg5 Be6 12. Nd2 h6 13. Bxf6 Rxd2 14. Bxg7 Kxg7 15. Bxc6 bxc6 16. b3 f5 17. Rfd1 Rad8 18. Rxd2 Rxd2 19. Kf1 Kf6 20. Ke1 Rd8 21. Na4 a5 22. Nc5 Ra8 23. a4 Ke7 24. Rd1 g5 25. h3 Rb8 26. Rd2 Rb6 27. Kd1 Rb4 28. f3 h5 29. e3 h4 30. g4 e4 31. Nxe6 Kxe6 32. fxe4 fxg4 33. hxg4 Rxb3 34. Ke2 Ra3 35. Rc2 Rxa4 36. Kf3 Ra1 37. c5 a4 38. Rc4 a3 39. Rc2 Rg1 40. Kf2 Rxg4 41. Ra2 Rxe4 42. Rxa3 Rc4 43. Ra7 g4 44. Rxc7 Rxc5 45. Rh7 Rc2+ 46. Kf1 h3 47. Rh5 c5 48. Kg1 c4 49. Rg5 Rg2+ 50. Kh1 c3 51. Rc5 c2 52. e4 Rd2 53. e5 g3 0-1

[Event "Mazowiec-chT op 1819"]
[Site "Warsaw"]
[Date "2018.12.09"]
[Round "4.9"]
[White "Rozycki, Bartlomiej"]
[Black "Markiewicz, Michal"]
[Result "1-0"]
[WhiteElo "2183"]
[BlackElo "1902"]
[PlyCount "59"]
[EventDate "2018.12.02"]
[EventType "team-swiss"]
[EventRounds "10"]
[EventCountry "POL"]
[SourceTitle "EXT 2020"]
[Source "ChessBase"]
[SourceDate "2019.10.17"]
[SourceVersion "1"]
[SourceVersionDate "2019.10.17"]
[SourceQuality "1"]

1. d4 Nf6 2. c4 c5 3. d5 b5 4. cxb5 a6 5. e3 g6 6. Nc3 Bg7 7. Nf3 Qa5 8. Bd2 d6 9. e4 0-0 10. Be2 axb5 11. Nxb5 Qb6 12. Qc2 Ba6 13. a4 Nbd7 14. 0-0 Rfb8 15. Bc3 Qd8 16. Rfe1 Nb6 17. a5 Nbd7 18. Na3 Ng4 19. Bxa6 Rxa6 20. h3 Bxc3 21. Qxc3 Nge5 22. Nxe5 Nxe5 23. f4 Nd7 24. Nc4 Rb4 25. e5 Qa8 26. Rad1 Qb7 27. exd6 exd6 28. Re8+ Nf8 29. Rxf8+ Kxf8 30. Qh8+ 1-0

[Event "Warsaw YMCA Autumn-A 205th"]
[Site "Warsaw"]
[Date "2018.10.12"]
[Round "4"]
[White "Markiewicz, Michal"]
[Black "Podgorski, Maciej"]
[Result "1/2-1/2"]
[WhiteElo "1902"]
[BlackElo "1865"]
[PlyCount "147"]
[EventDate "2018.09.21"]
[EventType "swiss"]
[EventRounds "12"]
[EventCountry "POL"]
[SourceTitle "CBM 189 Extra"]
[Source "ChessBase"]
[SourceDate "2019.06.03"]
[SourceVersion "1"]
[SourceVersionDate "2019.06.03"]
[SourceQuality "1"]

1. d4 Nf6 2. Nf3 g6 3. g3 Bg7 4. Bg2 0-0 5. 0-0 d6 6. a4 Na6 7. Re1 c5 8. d5 Nc7 9. Nc3 e5 10. Bg5 h6 11. Bxf6 Qxf6 12. Nd2 Qe7 13. e3 f5 14. f4 e4 15. Nc4 b6 16. Nb5 Nxb5 17. axb5 Bd7 18. Ra2 Bxb5 19. Na3 Be8 20. Bf1 a6 21. Nc4 Qc7 22. Qd2 b5 23. Qa5 Qb8 24. Nd2 Qb7 25. b3 Qxd5 26. c4 Qe6 27. Qb6 b4 28. Rxa6 Rxa6 29. Qxa6 Qd7 30. Rd1 Qc6 31. Qxc6 Bxc6 32. Be2 Ra8 33. Nf1 Bf8 34. Rd2 Ra1 35. Kf2 Rb1 36. Bd1 Kf7 37. Ke2 Ke6 38. Ra2 Bg7 39. Kd2 Rb2+ 40. Rxb2 Bxb2 41. Kc2 Bc3 42. Nd2 Bxd2 43. Kxd2 d5 44. cxd5+ Bxd5 45. Kc2 c4 46. bxc4 Bxc4 47. Kb2 Kd6 48. Bc2 h5 49. Ba4 Bf7 50. Bb5 Kc5 51. Ba4 Kb6 52. Bd1 Kb5 53. Be2+ Bc4 54. Bd1 Bf7 55. Be2+ Kc5 56. Bd1 Kd6 57. Ba4 Ke7 58. Bb3 Bxb3 59. Kxb3 h4 60. gxh4 Kf7 61. Kxb4 Kg7 62. h5 Kh6 63. hxg6 Kxg6 64. Kc5 Kh5 65. h3 Kh4 66. Kd5 Kxh3 67. Ke5 Kg4 68. Kf6 Kf3 69. Kxf5 Kxe3 70. Kg5 Kd4 71. f5 e3 72. f6 e2 73. f7 e1Q 74. f8Q 1/2-1/2

[Event "Warsaw YMCA Autumn-A 205th"]
[Site "Warsaw"]
[Date "2018.09.28"]
[Round "2"]
[White "Markiewicz, Michal"]
[Black "Majek, Kacper"]
[Result "1-0"]
[WhiteElo "1902"]
[BlackElo "2083"]
[PlyCount "85"]
[EventDate "2018.09.21"]
[EventType "swiss"]
[EventRounds "12"]
[EventCountry "POL"]
[SourceTitle "CBM 189 Extra"]
[Source "ChessBase"]
[SourceDate "2019.06.03"]
[SourceVersion "1"]
[SourceVersionDate "2019.06.03"]
[SourceQuality "1"]

1. d4 d5 2. c4 e6 3. Nc3 Nf6 4. cxd5 exd5 5. Bg5 c6 6. Qc2 Be7 7. e3 0-0 8. Bd3 Nbd7 9. Nge2 h6 10. Bh4 Re8 11. 0-0 Nb6 12. Rae1 Ne4 13. Bxe7 Qxe7 14. f3 Nxc3 15. Nxc3 c5 16. dxc5 Qxc5 17. Nb5 Qxc2 18. Bxc2 Re7 19. b3 Bd7 20. Nd4 Rae8 21. Kf2 Nc8 22. Re2 Nd6 23. Rd1 g6 24. Bd3 Kg7 25. Rc1 f5 26. Rc5 Re5 27. f4 Ne4+ 28. Bxe4 Rxe4 29. Rxd5 R8e7 30. Rc5 Be8 31. Nf3 Kf6 32. Ne5 g5 33. g3 Rg7 34. Rd2 Re7 35. Rd8 Kg7 36. Rcd5 gxf4 37. gxf4 Bf7 38. R5d7 R4xe5 39. fxe5 Rxe5 40. Rxb7 Kf6 41. Rd6+ Be6 42. Rxa7 Kg5 43. Re7 1-0

[Event "Warsaw YMCA Autumn-A 190th"]
[Site "Warsaw"]
[Date "2017.10.06"]
[Round "3"]
[White "Markiewicz, Michal"]
[Black "Liberadzki, Slawomir"]
[Result "0-1"]
[WhiteElo "1926"]
[BlackElo "1997"]
[PlyCount "100"]
[EventDate "2017.09.19"]
[EventType "tourn"]
[EventRounds "14"]
[EventCountry "POL"]
[SourceTitle "EXT 2019"]
[Source "ChessBase"]
[SourceDate "2018.10.10"]
[SourceVersion "1"]
[SourceVersionDate "2018.10.10"]
[SourceQuality "1"]

1. d4 d5 2. c4 e6 3. Nc3 Nf6 4. cxd5 exd5 5. Bg5 Be7 6. e3 0-0 7. Bd3 c6 8. Qc2 Nbd7 9. Nge2 Re8 10. 0-0 h6 11. Bh4 Ne4 12. Bxe7 Qxe7 13. Ng3 Ndf6 14. Ncxe4 Nxe4 15. Nxe4 dxe4 16. Bc4 Be6 17. a3 Qg5 18. Kh1 Rad8 19. b4 Bxc4 20. Qxc4 Rd5 21. Qe2 Re6 22. Rad1 Rf5 23. Rde1 Ref6 24. f4 exf3 25. gxf3 Qh4 26. f4 g5 27. Rg1 Re6 28. Rg4 Rxe3 29. Rxh4 Rxe2 30. Rxe2 gxh4 31. Re4 Kg7 32. Kg2 Kf6 33. Kf3 a5 34. Re3 axb4 35. axb4 Rb5 36. Rb3 Kf5 37. h3 b6 38. Rb2 c5 39. dxc5 bxc5 40. Ke3 Rxb4 41. Rc2 Re4+ 42. Kd3 c4+ 43. Kc3 Kxf4 44. Rf2+ Kg3 45. Rxf7 Kxh3 46. Rh7 Kg3 47. Rxh6 h3 48. Rg6+ Rg4 49. Rd6 h2 50. Rd1 Rh4 0-1

[Event "Warsaw YMCA Autumn-A 190th"]
[Site "Warsaw"]
[Date "2017.09.22"]
[Round "1"]
[White "Markiewicz, Michal"]
[Black "Praczukowski, Stanislaw"]
[Result "1/2-1/2"]
[WhiteElo "1926"]
[BlackElo "2121"]
[PlyCount "64"]
[EventDate "2017.09.19"]
[EventType "tourn"]
[EventRounds "14"]
[EventCountry "POL"]
[SourceTitle "EXT 2019"]
[Source "ChessBase"]
[SourceDate "2018.10.10"]
[SourceVersion "1"]
[SourceVersionDate "2018.10.10"]
[SourceQuality "1"]

1. d4 Nf6 2. c4 e6 3. Nc3 Bb4 4. Qc2 0-0 5. Nf3 d6 6. Bd2 b6 7. a3 Bxc3 8. Bxc3 Bb7 9. e3 Nbd7 10. Bd3 c5 11. Ng5 h6 12. Ne4 Nxe4 13. Bxe4 Bxe4 14. Qxe4 d5 15. cxd5 Nf6 16. Qe5 Nxd5 17. dxc5 Nxc3 18. Qxc3 Rc8 19. b4 bxc5 20. 0-0 cxb4 21. Qxb4 Rb8 22. Qc5 Qb6 23. Rac1 Rfd8 24. h3 Rb7 25. Qxb6 Rxb6 26. Rc7 Ra6 27. Rc3 Rd2 28. Rb1 Rd7 29. Kf1 Ra5 30. Ke2 Kf8 31. Rbb3 Ke7 32. Rd3 Ra4 1/2-1/2

[Event "Warsaw YMCA Spring-A 183rd"]
[Site "Warsaw"]
[Date "2017.05.11"]
[Round "6"]
[White "Markiewicz, Michal"]
[Black "Pesko, Tomasz"]
[Result "1/2-1/2"]
[WhiteElo "1923"]
[BlackElo "1802"]
[PlyCount "95"]
[EventDate "2017.04.06"]
[EventType "tourn"]
[EventRounds "13"]
[EventCountry "POL"]
[SourceTitle "EXT 2018"]
[Source "ChessBase"]
[SourceDate "2017.10.13"]
[SourceVersion "1"]
[SourceVersionDate "2017.10.13"]
[SourceQuality "1"]

1. d4 g6 2. Nf3 Bg7 3. e4 d6 4. Nc3 a6 5. Be2 b5 6. a3 Bb7 7. Bf4 Nd7 8. e5 dxe5 9. dxe5 e6 10. 0-0 Ne7 11. Re1 0-0 12. Bf1 Nb6 13. Qe2 c5 14. Ne4 Bxe4 15. Qxe4 Qd5 16. Qe2 c4 17. Bg5 Qb7 18. g3 h6 19. Be3 Rac8 20. Bg2 Nbd5 21. Bd4 Nf5 22. Rad1 Qe7 23. c3 Rfd8 24. Nd2 Nxd4 25. cxd4 c3 26. Ne4 Bf8 27. Nd6 Rxd6 28. exd6 Qxd6 29. Rc1 Bg7 30. Bxd5 Qxd5 31. Rxc3 Rxc3 32. bxc3 Qb3 33. c4 Bxd4 34. cxb5 axb5 35. Rc1 Qxa3 36. Rc8+ Kg7 37. Rc7 Qd6 38. Rb7 b4 39. Qf3 Bf6 40. Qb3 Bc3 41. Qa4 h5 42. Rd7 Qb6 43. Qa8 e5 44. Qe8 Qf6 45. Rd8 Kh6 46. Rd7 Kg7 47. Rd8 Kh6 48. Rd7 1/2-1/2

[Event "Warsaw YMCA Spring-A 183rd"]
[Site "Warsaw"]
[Date "2017.04.06"]
[Round "1"]
[White "Markiewicz, Michal"]
[Black "Szewczak, Andrzej"]
[Result "1-0"]
[WhiteElo "1923"]
[BlackElo "1789"]
[PlyCount "83"]
[EventDate "2017.04.06"]
[EventType "tourn"]
[EventRounds "13"]
[EventCountry "POL"]
[SourceTitle "EXT 2018"]
[Source "ChessBase"]
[SourceDate "2017.10.13"]
[SourceVersion "1"]
[SourceVersionDate "2017.10.13"]
[SourceQuality "1"]

1. Nf3 d5 2. g3 c6 3. Bg2 Qc7 4. d3 Nf6 5. Bf4 Qb6 6. Qc1 Nbd7 7. 0-0 h6 8. c4 Nh5 9. Be3 Qd8 10. cxd5 cxd5 11. Nc3 e6 12. Nb5 Qa5 13. Nc7+ Kd8 14. Nxa8 Bd6 15. a3 Bb8 16. Qc2 Ke7 17. b4 Qd8 18. Nd4 Ne5 19. Rac1 Bd7 20. Nc7 a6 21. Qc5+ Kf6 22. b5 Ng4 23. Bd2 Kg6 24. e4 axb5 25. exd5 e5 26. Ndxb5 f5 27. d6 Rf8 28. h3 Nxf2 29. Qxf2 Kh7 30. a4 f4 31. gxf4 exf4 32. Rc4 g5 33. Be4+ Bf5 34. Ne6 Qf6 35. Nxf8+ Qxf8 36. Qc5 Ng3 37. Bxf5+ Nxf5 38. d7 Nd6 39. Nxd6 Bxd6 40. Qc8 Qf5 41. d8Q Qxd3 42. Qg8# 1-0

[Event "Warsaw YMCA Winter-A 179th"]
[Site "Warsaw"]
[Date "2017.03.17"]
[Round "10"]
[White "Koziol, Pawel"]
[Black "Markiewicz, Michal"]
[Result "0-1"]
[WhiteElo "1915"]
[BlackElo "1861"]
[PlyCount "64"]
[EventDate "2017.01.13"]
[EventType "tourn"]
[EventRounds "11"]
[EventCountry "POL"]
[SourceTitle "EXT 2018"]
[Source "ChessBase"]
[SourceDate "2017.10.13"]
[SourceVersion "1"]
[SourceVersionDate "2017.10.13"]
[SourceQuality "1"]

1. Nf3 c5 2. e4 d6 3. g3 g6 4. Bg2 Bg7 5. 0-0 Nc6 6. c3 e5 7. Na3 Nge7 8. Nc2 0-0 9. d4 cxd4 10. cxd4 Bg4 11. d5 Nb8 12. Ne3 Bd7 13. b3 b5 14. a4 Na6 15. Ne1 f5 16. Ba3 b4 17. Bb2 fxe4 18. Bxe4 Nc5 19. Bg2 Nf5 20. Nc4 Qe7 21. Nd3 Nxd3 22. Qxd3 Nd4 23. Rae1 Qf6 24. Bxd4 exd4 25. Na5 Bf5 26. Qd2 d3 27. Nc6 Qc3 28. Ne7+ Kh8 29. Qd1 d2 30. Re3 Bc2 31. Qe2 d1Q 32. Rxc3 Qxe2 0-1

[Event "Mazowiec-chT 1617"]
[Site "Warsaw"]
[Date "2017.02.05"]
[Round "9.17"]
[White "Markiewicz, Michal"]
[Black "Koziol, Pawel"]
[Result "1/2-1/2"]
[WhiteElo "1889"]
[BlackElo "1862"]
[PlyCount "60"]
[EventDate "2016.12.11"]
[EventType "team-tourn"]
[EventRounds "10"]
[EventCountry "POL"]
[SourceTitle "EXT 2019"]
[Source "ChessBase"]
[SourceDate "2018.10.10"]
[SourceVersion "1"]
[SourceVersionDate "2018.10.10"]
[SourceQuality "1"]

1. d4 Nf6 2. c4 d6 3. Nc3 Nbd7 4. e4 e5 5. Nf3 Be7 6. Be2 0-0 7. 0-0 c6 8. h3 Qe8 9. Be3 Bd8 10. Qc2 Ba5 11. Nd2 Qe7 12. a3 Re8 13. b4 Bc7 14. d5 Nf8 15. c5 Ng6 16. dxc6 bxc6 17. cxd6 Bxd6 18. Na4 Nf4 19. Bf3 Ba6 20. Nc4 N6h5 21. Bxh5 Nxh5 22. Nxd6 Qxd6 23. Rfd1 Qg6 24. Rac1 Nf4 25. Bxf4 exf4 26. f3 Rad8 27. Nc5 Bc8 28. Kf1 Qh5 29. Qf2 h6 30. Kg1 Qg5 1/2-1/2

[Event "Warsaw YMCA Winter-A 179th"]
[Site "Warsaw"]
[Date "2017.01.27"]
[Round "3"]
[White "Praczukowski, Stanislaw"]
[Black "Markiewicz, Michal"]
[Result "1/2-1/2"]
[WhiteElo "2065"]
[BlackElo "1861"]
[PlyCount "137"]
[EventDate "2017.01.13"]
[EventType "tourn"]
[EventRounds "11"]
[EventCountry "POL"]
[SourceTitle "EXT 2018"]
[Source "ChessBase"]
[SourceDate "2017.10.13"]
[SourceVersion "1"]
[SourceVersionDate "2017.10.13"]
[SourceQuality "1"]

1. e4 Nf6 2. e5 Nd5 3. d4 d6 4. c4 Nb6 5. exd6 exd6 6. h3 Bf5 7. Nf3 Be7 8. Be2 0-0 9. 0-0 Bf6 10. Nc3 Nc6 11. b3 Re8 12. Be3 h6 13. Rc1 Ne7 14. Qd2 c6 15. Rfd1 d5 16. c5 Nd7 17. Bd3 Bxd3 18. Qxd3 Nf8 19. b4 Ne6 20. b5 Rb8 21. Rb1 Qa5 22. Bd2 Qc7 23. g3 Ng5 24. Bxg5 hxg5 25. b6 axb6 26. Rxb6 Qd7 27. Kg2 g4 28. Ng1 gxh3+ 29. Nxh3 Nf5 30. Rb4 g6 31. Qf3 Kg7 32. Nf4 Rh8 33. Nce2 Rhe8 34. Kg1 Re4 35. Qg4 Qe7 36. Qf3 Re8 37. Rd2 Bg5 38. Rdb2 Bxf4 39. Nxf4 Nxd4 40. Qg4 Ne2+ 41. Rxe2 Rxe2 42. Qxe2 Qxe2 43. Nxe2 Rxe2 44. Rxb7 Rxa2 45. Rb6 Rc2 46. Rxc6 d4 47. Rd6 Rxc5 48. Rxd4 Rc2 49. Rd5 Kf6 50. Kg2 Ke6 51. Ra5 f5 52. Ra6+ Kf7 53. Kf3 Rc4 54. Ke3 Rb4 55. f4 Rb3+ 56. Kf2 Rb2+ 57. Kf3 Rb3+ 58. Kg2 Rb2+ 59. Kh3 Rb3 60. Kh4 Rc3 61. Rb6 Ra3 62. Rd6 Rb3 63. Ra6 Rc3 64. Ra5 Rb3 65. g4 fxg4 66. Kxg4 Kf6 67. Ra6+ Kf7 68. f5 gxf5+ 69. Kxf5 1/2-1/2

[Event "Mazowiec-chT 1617"]
[Site "Warsaw"]
[Date "2017.01.15"]
[Round "6.13"]
[White "Markiewicz, Michal"]
[Black "Malicka, Maria"]
[Result "0-1"]
[WhiteElo "1889"]
[BlackElo "1901"]
[PlyCount "96"]
[EventDate "2016.12.11"]
[EventType "team-tourn"]
[EventRounds "10"]
[EventCountry "POL"]
[SourceTitle "EXT 2019"]
[Source "ChessBase"]
[SourceDate "2018.10.10"]
[SourceVersion "1"]
[SourceVersionDate "2018.10.10"]
[SourceQuality "1"]

1. d4 Nf6 2. Nf3 e6 3. c4 Nc6 4. g3 Bb4+ 5. Bd2 Bxd2+ 6. Qxd2 d6 7. Nc3 0-0 8. e4 Qe7 9. Bg2 e5 10. d5 Nd8 11. 0-0 Ne8 12. Qg5 f6 13. Qe3 f5 14. exf5 Bxf5 15. Nd2 Nf7 16. Nce4 Nf6 17. b4 Ng4 18. Qe2 Ng5 19. h3 Nxe4 20. Bxe4 Bxe4 21. Nxe4 Nh6 22. Rad1 Nf5 23. f4 exf4 24. Rxf4 Qe5 25. Qd3 Rae8 26. Ng5 g6 27. Ne6 Rf7 28. Rdf1 c6 29. g4 Ne3 30. R1f3 Rxf4 31. Nxf4 Qa1+ 32. Kh2 Qxa2+ 33. Kg1 Qxc4 34. Rxe3 Qc1+ 35. Kf2 Rf8 36. Qe4 g5 37. Qe6+ Kh8 38. Rf3 gxf4 39. Qxd6 Qd2+ 40. Kf1 Qd1+ 41. Kf2 Qd4+ 42. Kg2 Qd2+ 43. Kf1 Qc1+ 44. Kf2 Qb2+ 45. Kf1 Qa1+ 46. Kf2 Re8 47. Rxf4 Qe1+ 48. Kf3 Re3+ 0-1

[Event "Warsaw YMCA Autumn-B 175th"]
[Site "Warsaw"]
[Date "2016.10.26"]
[Round "6"]
[White "Markiewicz, Michal"]
[Black "Kolodziejczyk, Andrzej"]
[Result "0-1"]
[WhiteElo "1889"]
[BlackElo "1799"]
[PlyCount "53"]
[EventDate "2016.09.22"]
[EventType "tourn"]
[EventRounds "13"]
[EventCountry "POL"]
[SourceTitle "EXT 2019"]
[Source "ChessBase"]
[SourceDate "2018.10.10"]
[SourceVersion "1"]
[SourceVersionDate "2018.10.10"]
[SourceQuality "1"]

1. d4 Nf6 2. c4 e6 3. Nf3 b6 4. g3 Ba6 5. b3 d5 6. Bg2 dxc4 7. Ne5 Bb4+ 8. Kf1 Bd6 9. Qc2 cxb3 10. axb3 Bxe5 11. Bxa8 Bxd4 12. Bc6+ Nfd7 13. Ra4 Bc5 14. Be4 Nf6 15. Bf3 0-0 16. Ba3 Bxa3 17. Nxa3 c5 18. Kg2 b5 19. Rd1 Qb6 20. Rf4 Nbd7 21. b4 e5 22. bxc5 Qa5 23. Rh4 Qxa3 24. c6 Nc5 25. c7 Ne6 26. Bg4 Qc5 27. Qxc5 0-1

[Event "Warsaw YMCA Autumn-B 175th"]
[Site "Warsaw"]
[Date "2016.10.14"]
[Round "4"]
[White "Markiewicz, Michal"]
[Black "Rusin, Ryszard"]
[Result "1/2-1/2"]
[WhiteElo "1889"]
[BlackElo "1731"]
[PlyCount "87"]
[EventDate "2016.09.22"]
[EventType "tourn"]
[EventRounds "13"]
[EventCountry "POL"]
[SourceTitle "EXT 2019"]
[Source "ChessBase"]
[SourceDate "2018.10.10"]
[SourceVersion "1"]
[SourceVersionDate "2018.10.10"]
[SourceQuality "1"]

1. d4 d5 2. Nf3 Nf6 3. c4 c6 4. Nc3 Qb6 5. g3 g6 6. Bg2 Bg7 7. Qb3 dxc4 8. Qxc4 Be6 9. Qd3 Na6 10. e4 Nb4 11. Qe2 Nd7 12. Be3 Bc4 13. Qxc4 Nc2+ 14. Kd2 Nxa1 15. Kc1 a5 16. Kb1 Qb4 17. Nd2 Nb6 18. Qxb4 axb4 19. Ne2 b3 20. Kxa1 Rxa2+ 21. Kb1 Na4 22. Nc4 b5 23. Nc1 bxc4 24. Nxa2 bxa2+ 25. Kxa2 c5 26. e5 0-0 27. Bc6 cxd4 28. Bxd4 Nc5 29. Bxc5 Rc8 30. Bxe7 Rxc6 31. Bd6 f6 32. f4 fxe5 33. fxe5 Kf7 34. Re1 Ke6 35. Re2 c3 36. bxc3 Rxc3 37. Kb2 Rd3 38. Kc2 Rd5 39. Rf2 Bxe5 40. Bxe5 Kxe5 41. Rf7 h5 42. h4 Ra5 43. Rf3 Ra2+ 44. Kd3 1/2-1/2

[Event "Warsaw YMCA Spring-B 168th"]
[Site "Warsaw"]
[Date "2016.06.22"]
[Round "13"]
[White "Rusin, Ryszard"]
[Black "Markiewicz, Michal"]
[Result "0-1"]
[WhiteElo "1768"]
[BlackElo "1851"]
[PlyCount "90"]
[EventDate "2016.04.07"]
[EventType "tourn"]
[EventRounds "13"]
[EventCountry "POL"]
[SourceTitle "EXT 2019"]
[Source "ChessBase"]
[SourceDate "2018.10.10"]
[SourceVersion "1"]
[SourceVersionDate "2018.10.10"]
[SourceQuality "1"]

1. d4 Nf6 2. c4 d6 3. Nc3 g6 4. e4 Bg7 5. Nf3 0-0 6. Be2 e5 7. 0-0 Nc6 8. d5 Ne7 9. h3 Nh5 10. Nh2 Nf4 11. Bxf4 exf4 12. Qd2 g5 13. Bg4 Ng6 14. g3 h5 15. Bf5 Qf6 16. g4 Ne5 17. Qe2 a6 18. Rad1 Re8 19. Nf3 Nxg4 20. hxg4 hxg4 21. Nd4 f3 22. Qe3 Qh6 23. Nxf3 Bxf5 24. Qxg5 Qxg5 25. Nxg5 Bd7 26. f4 Bxc3 27. bxc3 f6 28. Ne6 Bxe6 29. dxe6 Rxe6 30. Rfe1 Rae8 31. Rd4 f5 32. e5 dxe5 33. Rd7 exf4 34. Rxe6 Rxe6 35. Rxc7 Rc6 36. Rxb7 Rxc4 37. Ra7 Rxc3 38. Rxa6 Kg7 39. a4 f3 40. Kf2 f4 41. Ra7+ Kf6 42. Ra6+ Ke5 43. Ra5+ Ke4 44. Rg5 g3+ 45. Ke1 f2+ 0-1

[Event "Warsaw YMCA Spring-B 168th"]
[Site "Warsaw"]
[Date "2016.06.10"]
[Round "10"]
[White "Markiewicz, Michal"]
[Black "Koziol, Pawel"]
[Result "1/2-1/2"]
[WhiteElo "1851"]
[BlackElo "1823"]
[PlyCount "69"]
[EventDate "2016.04.07"]
[EventType "tourn"]
[EventRounds "13"]
[EventCountry "POL"]
[SourceTitle "EXT 2019"]
[Source "ChessBase"]
[SourceDate "2018.10.10"]
[SourceVersion "1"]
[SourceVersionDate "2018.10.10"]
[SourceQuality "1"]

1. d4 d6 2. c4 g6 3. Nc3 Bg7 4. e4 Nc6 5. d5 Nd4 6. Be3 c5 7. Nge2 Qb6 8. Qd2 Bd7 9. Rd1 Nxe2 10. Bxe2 Nf6 11. 0-0 Ng4 12. Bxg4 Bxg4 13. f3 Bd7 14. Rb1 Qb4 15. Qe2 0-0 16. Nd1 b5 17. b3 bxc4 18. Qxc4 Bb5 19. Qxb4 cxb4 20. Rf2 Rfc8 21. Rc1 Rxc1 22. Bxc1 Rc8 23. Bb2 a5 24. Bxg7 Kxg7 25. Rd2 Kf6 26. Kf2 Ke5 27. Ke3 f5 28. f4+ Kf6 29. Nf2 Bf1 30. g3 Rc1 31. Kd4 e5+ 32. dxe6 Kxe6 33. exf5+ gxf5 34. Nd1 Bb5 35. Ne3 1/2-1/2

[Event "Warsaw YMCA Spring-B 168th"]
[Site "Warsaw"]
[Date "2016.04.29"]
[Round "4"]
[White "Markiewicz, Michal"]
[Black "Staniak, Mariusz"]
[Result "1-0"]
[WhiteElo "1851"]
[BlackElo "1794"]
[PlyCount "55"]
[EventDate "2016.04.07"]
[EventType "tourn"]
[EventRounds "13"]
[EventCountry "POL"]
[SourceTitle "EXT 2019"]
[Source "ChessBase"]
[SourceDate "2018.10.10"]
[SourceVersion "1"]
[SourceVersionDate "2018.10.10"]
[SourceQuality "1"]

1. d4 Nf6 2. Nf3 e6 3. c4 Bb4+ 4. Bd2 Qe7 5. g3 0-0 6. Bg2 d5 7. 0-0 Bxd2 8. Nbxd2 b6 9. Qc2 Bb7 10. Rac1 Na6 11. Ne5 c5 12. cxd5 exd5 13. e3 Rac8 14. Qa4 Rfd8 15. Rfd1 Qe8 16. Qa3 Ne4 17. Nxe4 dxe4 18. Bf1 cxd4 19. Rxc8 Bxc8 20. exd4 f6 21. Bc4+ Be6 22. Qxa6 fxe5 23. d5 Qe7 24. Qa4 Bf7 25. d6 Rxd6 26. Rxd6 Qxd6 27. Qe8+ Qf8 28. Bxf7+ 1-0

[Event "Warsaw YMCA Winter-C 165th"]
[Site "Warsaw"]
[Date "2016.03.09"]
[Round "10"]
[White "Krzyzanowski, Antoni"]
[Black "Markiewicz, Michal"]
[Result "0-1"]
[WhiteElo "1574"]
[BlackElo "1713"]
[PlyCount "114"]
[EventDate "2016.01.06"]
[EventType "tourn"]
[EventRounds "13"]
[EventCountry "POL"]
[SourceTitle "EXT 2019"]
[Source "ChessBase"]
[SourceDate "2018.10.10"]
[SourceVersion "1"]
[SourceVersionDate "2018.10.10"]
[SourceQuality "1"]

1. e4 c5 2. Nf3 e6 3. d4 cxd4 4. Nxd4 Nf6 5. Nc3 a6 6. f4 d6 7. Be2 Be7 8. Be3 Qc7 9. Bf3 0-0 10. g4 d5 11. e5 Nfd7 12. 0-0 Nc6 13. Qd2 Nb6 14. Nce2 Nc4 15. Qc1 Nxe3 16. Qxe3 Nxd4 17. Nxd4 Bc5 18. c3 Bd7 19. Kh1 Rac8 20. h4 Qb6 21. Rf2 Bxd4 22. cxd4 Rc4 23. Rd2 Rfc8 24. Bd1 a5 25. Kg2 a4 26. Qf2 Qa5 27. h5 a3 28. b3 Rc3 29. Bc2 Bb5 30. f5 Qc7 31. Bd1 Bd3 32. f6 Be4+ 33. Kh2 Qa5 34. fxg7 R3c7 35. Qe3 Rc3 36. Qf4 R3c7 37. Qe3 Qc3 38. Qxc3 Rxc3 39. h6 Re3 40. Be2 Rcc3 41. Rad1 Rh3+ 42. Kg1 Rxh6 43. Rf1 Rh1+ 44. Kf2 Rh2+ 45. Ke1 Kxg7 46. Kd1 Bg2 47. Re1 Be4 48. Rf1 b6 49. Rf6 Rh1+ 50. Rf1 Rxf1+ 51. Bxf1 Rg3 52. Rf2 Rxg4 53. Kd2 Rg3 54. Bb5 h5 55. Be8 Rg2 56. Ke3 Rxf2 57. Kxf2 Bb1 0-1